[Event "Cambrai"]
[Site "Cambrai"]
[Date "2024.06.30"]
[Round "2"]
[White "Slagboom, Leandro"]
[Black "Mekhane, Adam"]
[Result "0-1"]
[WhiteElo "2325"]
[BlackElo "2307"]
[PlyCount "130"]
[EventDate "2024.06.02"]
[EventType "tourn"]
[EventRounds "9"]
[EventCountry "FRA"]
[EventCategory "4"]
[SourceTitle "CB28_2024"]
[SourceDate "2024.07.10"]
[SourceVersion "1"]
[SourceVersionDate "2024.07.10"]
[SourceQuality "1"]

1. d4 Nf6 2. c4 e6 3. Nc3 Bb4 4. e3 0-0 5. Bd3 c5 6. Nge2 cxd4 7. exd4 d5 8. cxd5 Qxd5 9. 0-0 Qd7 10. Ne4 Be7 11. Qc2 h6 12. a3 b6 13. Be3 Bb7 14. N2g3 Nc6 15. Rad1 Nxe4 16. Bxe4 f5 17. d5 fxe4 18. dxc6 Qxc6 19. Qe2 e5 20. Qg4 Bc8 21. Qh5 Qe6 22. Nxe4 Qf5 23. Qxf5 Bxf5 24. f3 Rfd8 25. Kf2 Kf7 26. Rxd8 Rxd8 27. Rc1 Rc8 28. Rxc8 Bxc8 29. Nc3 Ba6 30. b4 Bc4 31. Ne4 Ke6 32. Bd2 Bd8 33. Bc3 Kd5 34. g3 a5 35. Ke3 a4 36. Bb2 b5 37. Nc3+ Ke6 38. Ne4 Bb6+ 39. Nc5+ Kd5 40. f4 exf4+ 41. Kxf4 g6 42. Nd7 Bc7+ 43. Ke3 Ba2 44. Nc5 h5 45. Bf6 Bb1 46. Kd2 Kc4 47. Kc1 Bf5 48. Kb2 Bd6 49. Nb7 Bf8 50. Nc5 Bh6 51. Nb7 Kd5 52. Kc3 Be3 53. Nc5 Bg1 54. h4 Bf2 55. Kd2 Bxg3 56. Ke3 Kc4 57. Kf3 Bc7 58. Bg7 Bd8 59. Kg3 Be7 60. Be5 Kd5 61. Bf4 Bf6 62. Bc1 Be5+ 63. Kf3 Bg4+ 64. Kg2 Kc4 65. Kf1 Kc3 0-1

[Event "Titled Tuesday intern op 13th Feb Late"]
[Site "Chess.com INT"]
[Date "2024.02.13"]
[Round "2"]
[White "Mekhane, Adam"]
[Black "Kostiukov, Alexandr"]
[Result "0-1"]
[WhiteElo "2300"]
[BlackElo "2271"]
[PlyCount "90"]
[EventDate "2024.02.13"]
[EventType "swiss (blitz)"]
[EventRounds "11"]
[EventCountry "USA"]
[SourceTitle "CB08_2024"]
[SourceDate "2024.02.21"]
[SourceVersion "1"]
[SourceVersionDate "2024.02.21"]
[SourceQuality "1"]

1. e4 c5 2. Nf3 g6 3. g3 Bg7 4. Bg2 Nc6 5. 0-0 e5 6. d3 Nge7 7. Nc3 0-0 8. Bg5 h6 9. Be3 Nd4 10. Bxd4 cxd4 11. Ne2 d5 12. c3 dxc3 13. Nxc3 Be6 14. exd5 Nxd5 15. d4 Nxc3 16. bxc3 exd4 17. cxd4 Bd5 18. Rb1 Qa5 19. a4 Rad8 20. Rb5 Qa6 21. Re1 Bc6 22. Rb4 Qa5 23. Qb3 Rd7 24. Ne5 Rxd4 25. Nxc6 bxc6 26. Rb1 c5 27. Rxd4 Bxd4 28. Bd5 Qd2 29. Qf3 Bxf2+ 30. Kh1 Bd4 31. Rf1 Kg7 32. Bxf7 Qe3 33. Qxe3 Bxe3 34. Bc4 Rxf1+ 35. Bxf1 Kf6 36. Kg2 Ke5 37. Kf3 Bc1 38. Bd3 g5 39. h4 Kd4 40. Ke2 c4 41. Bg6 c3 42. Kd1 Be3 43. hxg5 hxg5 44. g4 Bf4 45. Kc2 Kc4 0-1

[Event "Titled Tuesday intern op 05th Sep Early"]
[Site "Chess.com INT"]
[Date "2023.09.05"]
[Round "6"]
[White "Mekhane, Adam"]
[Black "Fiorito, Joaquin"]
[Result "0-1"]
[WhiteElo "2243"]
[BlackElo "2399"]
[PlyCount "104"]
[EventDate "2023.09.05"]
[EventType "swiss (blitz)"]
[EventRounds "11"]
[EventCountry "USA"]
[SourceTitle "EXT 2024"]
[Source "ChessBase"]
[SourceDate "2023.10.10"]
[SourceVersion "1"]
[SourceVersionDate "2023.10.10"]
[SourceQuality "1"]

1. e4 c6 2. e5 d6 3. exd6 exd6 4. c4 g6 5. Nf3 Bg7 6. d4 Ne7 7. g3 0-0 8. Bg2 d5 9. cxd5 Nxd5 10. 0-0 Bg4 11. Nc3 Na6 12. h3 Bxf3 13. Bxf3 Nac7 14. Kg2 Qd7 15. Nxd5 Nxd5 16. Qd3 Rad8 17. Bd2 Nc7 18. Bg5 Qxd4 19. Qb3 Rb8 20. Bf4 Rbc8 21. Qxb7 Ne6 22. Be3 Qxb2 23. Qxb2 Bxb2 24. Rab1 Bd4 25. Bxd4 Nxd4 26. Rb7 a5 27. Rc1 Rfd8 28. Ra7 c5 29. Rxa5 c4 30. Rc3 Nf5 31. Bd5 Nd6 32. a4 Kg7 33. Ra7 Rc5 34. Bf3 Rb8 35. Ra6 Rd8 36. Rb6 Kf6 37. Rc1 c3 38. Rb3 c2 39. Rb2 Rdc8 40. Be2 Nf5 41. Bd3 Nd4 42. Rb4 Ke5 43. f4+ Kd5 44. Kf2 Rc3 45. Ke3 Nb3 46. Rxc2 Nc1 47. Rxc3 Rxc3 48. Rd4+ Kc5 49. Rd8 Kb4 50. Kd2 Nb3+ 51. Ke3 Nc5 52. Kd2 Ra3 0-1

[Event "Titled Tuesday intern op 29th Aug Early"]
[Site "Chess.com INT"]
[Date "2023.08.29"]
[Round "3"]
[White "Yanchenko, Roman"]
[Black "Mekhane, Adam"]
[Result "1-0"]
[WhiteElo "2466"]
[BlackElo "2262"]
[PlyCount "45"]
[EventDate "2023.08.29"]
[EventType "swiss (blitz)"]
[EventRounds "11"]
[EventCountry "USA"]
[SourceTitle "EXT 2024"]
[Source "ChessBase"]
[SourceDate "2023.10.10"]
[SourceVersion "1"]
[SourceVersionDate "2023.10.10"]
[SourceQuality "1"]

1. d4 Nf6 2. Nf3 g6 3. Bf4 Bg7 4. e3 0-0 5. Be2 Nh5 6. Be5 f6 7. Bg3 Nxg3 8. hxg3 d5 9. c4 c5 10. cxd5 Qxd5 11. Qc2 Be6 12. Nc3 Qd7 13. dxc5 Nc6 14. Rd1 Qc7 15. Nd4 Nxd4 16. exd4 b6 17. Nb5 Qd7 18. c6 Qd5 19. Nc7 Qxg2 20. Rf1 Bf5 21. Qb3+ Kh8 22. Bf3 Qh3 23. Rh1 1-0

[Event "Titled Tuesday intern op 22nd Aug Early"]
[Site "Chess.com INT"]
[Date "2023.08.22"]
[Round "4"]
[White "Mekhane, Adam"]
[Black "Zemlyanskii, Ivan"]
[Result "0-1"]
[WhiteElo "2262"]
[BlackElo "2362"]
[PlyCount "44"]
[EventDate "2023.08.22"]
[EventType "swiss (blitz)"]
[EventRounds "11"]
[EventCountry "USA"]
[SourceTitle "EXT 2024"]
[Source "ChessBase"]
[SourceDate "2023.10.10"]
[SourceVersion "1"]
[SourceVersionDate "2023.10.10"]
[SourceQuality "1"]

1. e4 c5 2. Nf3 e6 3. g3 Nc6 4. Bg2 Nf6 5. 0-0 Nxe4 6. d4 d5 7. dxc5 Bxc5 8. c4 0-0 9. cxd5 exd5 10. Nbd2 h6 11. Qc2 Nb4 12. Qb1 Bf5 13. a3 Nxg3 14. axb4 Ne2+ 15. Kh1 Bxb1 16. bxc5 Bd3 17. Ne5 Nxc1 18. Raxc1 Bxf1 19. Rxf1 Qa5 20. Ndf3 Qxc5 21. Nd7 Qb5 22. Nxf8 Rxf8 0-1

[Event "Titled Tuesday intern op 18th Jul Early"]
[Site "Chess.com INT"]
[Date "2023.07.18"]
[Round "5"]
[White "Bazilius, Augustinas"]
[Black "Mekhane, Adam"]
[Result "1-0"]
[WhiteElo "2110"]
[BlackElo "2269"]
[PlyCount "129"]
[EventDate "2023.07.18"]
[EventType "swiss (blitz)"]
[EventRounds "11"]
[EventCountry "USA"]
[SourceTitle "EXT 2024"]
[Source "ChessBase"]
[SourceDate "2023.10.10"]
[SourceVersion "1"]
[SourceVersionDate "2023.10.10"]
[SourceQuality "1"]

1. d4 Nf6 2. c4 g6 3. Nf3 Bg7 4. g3 0-0 5. Bg2 d5 6. 0-0 dxc4 7. Ne5 c5 8. dxc5 Qc7 9. Nxc4 Qxc5 10. Nba3 Nc6 11. Be3 Qh5 12. Qa4 Ng4 13. h3 Nxe3 14. Nxe3 Bxh3 15. Bf3 Qg5 16. Rfd1 Be5 17. Nac4 Bxg3 18. fxg3 Ne5 19. Nxe5 Qxg3+ 20. Kh1 Qxe5 21. Qd4 Qe6 22. Nd5 Rad8 23. Qb4 Rfe8 24. Nc7 Qe3 25. Nxe8 Rxe8 26. Qd2 Qf2 27. Qd4 Qg3 28. Rg1 Qc7 29. Rac1 Qa5 30. Qh4 Be6 31. Bxb7 Qxa2 32. Qd4 Rb8 33. Ra1 Qb3 34. Bf3 Rb5 35. Kg2 Rg5+ 36. Kf2 Rxg1 37. Rxg1 a5 38. Ra1 Qb8 39. Kg2 f6 40. Rxa5 Kf7 41. Ra7 Qb3 42. Qd6 Kg8 43. Qxe7 Bf7 44. Qxf7+ Qxf7 45. Rxf7 Kxf7 46. b4 Ke6 47. b5 Kd6 48. b6 f5 49. b7 Kc7 50. Kg3 g5 51. Bg2 h5 52. Bd5 h4+ 53. Kh3 Kb8 54. Be6 f4 55. Bd5 Kc7 56. Bf3 Kb8 57. Kg4 Kc7 58. Kxg5 h3 59. Kh4 h2 60. Kh3 Kb8 61. Kxh2 Kc7 62. Kh3 Kb8 63. Kg4 Kc7 64. Kxf4 Kb8 65. Kf5 1-0

[Event "Titled Tuesday intern op 20th Jun Early"]
[Site "Chess.com INT"]
[Date "2023.06.20"]
[Round "5"]
[White "Fernandez Guillen, Ernesto J"]
[Black "Mekhane, Adam"]
[Result "1/2-1/2"]
[WhiteElo "2467"]
[BlackElo "2254"]
[PlyCount "132"]
[EventDate "2023.06.20"]
[EventType "swiss (blitz)"]
[EventRounds "11"]
[EventCountry "USA"]
[SourceTitle "EXT 2024"]
[Source "ChessBase"]
[SourceDate "2023.10.10"]
[SourceVersion "1"]
[SourceVersionDate "2023.10.10"]
[SourceQuality "1"]

1. e4 c5 2. Nf3 Nc6 3. d4 cxd4 4. Nxd4 Nf6 5. Nc3 h5 6. Nb3 e5 7. f3 Bb4 8. Bd2 d5 9. Nxd5 Nxd5 10. exd5 Qxd5 11. c3 Be7 12. Be3 Be6 13. Qxd5 Bxd5 14. 0-0-0 0-0-0 15. Bd3 g6 16. Rhe1 f5 17. Kb1 h4 18. h3 Rhe8 19. Bc2 Be6 20. Nc5 Bf7 21. Ba4 Rxd1+ 22. Rxd1 Rd8 23. Rxd8+ Bxd8 24. Nd3 Bf6 25. Bxc6 bxc6 26. Bxa7 Bc4 27. Kc2 e4 28. fxe4 fxe4 29. Ne1 Kd7 30. b3 Bf1 31. Bf2 Ke6 32. Kd2 Kf5 33. a4 g5 34. Nc2 Kf4 35. Ne3 Ba6 36. b4 Bd8 37. c4 Bb6 38. b5 Bb7 39. Ke2 Bc5 40. a5 Bc8 41. a6 Bxe3 42. Bxe3+ Kg3 43. Bxg5 cxb5 44. cxb5 Bd7 45. b6 Bb5+ 46. Ke3 Bxa6 47. Kxe4 Kxg2 48. Bxh4 Kxh3 49. Bf6 Bb7+ 50. Ke5 Kg4 51. Kd6 Kf3 52. Ba1 Be4 53. Kc7 Ke2 54. Bh8 Kd3 55. Kd6 Kc4 56. Ke5 Bb7 57. Kd6 Kb5 58. Kc7 Ka6 59. Bc3 Be4 60. Be5 Bb7 61. Bd4 Be4 62. Bf6 Bb7 63. Be5 Be4 64. Bf6 Bb7 65. Be5 Bf3 66. Bf6 Bb7 1/2-1/2

[Event "FRA-chT Top 16 Gp Basse"]
[Site "Chartres"]
[Date "2023.06.10"]
[Round "3.1"]
[White "Mekhane, Adam"]
[Black "Girel, Joseph"]
[Result "0-1"]
[WhiteElo "2254"]
[BlackElo "2413"]
[PlyCount "88"]
[EventDate "2023.06.08"]
[EventType "team-tourn"]
[EventRounds "4"]
[EventCountry "FRA"]
[SourceTitle "CBM 214 Extra"]
[Source "ChessBase"]
[SourceDate "2023.07.31"]
[SourceVersion "1"]
[SourceVersionDate "2023.07.31"]
[SourceQuality "1"]
[WhiteTeam "Tremblay en France"]
[BlackTeam "Marseille"]
[WhiteTeamCountry "FRA"]
[BlackTeamCountry "FRA"]

1. e4 e6 2. d4 d5 3. Nd2 c5 4. exd5 Qxd5 5. dxc5 Nf6 6. Nb3 Qxd1+ 7. Kxd1 e5 8. Nf3 Bg4 9. Bb5+ Nc6 10. Ke1 0-0-0 11. Bxc6 bxc6 12. Bg5 h6 13. Bxf6 gxf6 14. Nfd2 Bf5 15. Rc1 Rg8 16. g3 Rg4 17. f3 Ra4 18. a3 h5 19. c4 Rd3 20. Ke2 Bh6 21. Rhd1 Kc7 22. Rf1 Bg6 23. h3 Bf5 24. g4 Bg6 25. Rfd1 Re3+ 26. Kf2 f5 27. gxf5 Bxf5 28. Re1 Rd3 29. Rxe5 Bxd2 30. Nxd2 Rxd2+ 31. Ke3 Rd3+ 32. Ke2 Bg6 33. Re7+ Kd8 34. Rxf7 Rb3 35. Rd1+ Ke8 36. Rc7 Rxb2+ 37. Ke3 Rxa3+ 38. Kf4 Rd3 39. Rg1 Bf7 40. Rg7 Rf2 41. Rxc6 Rdxf3+ 42. Ke4 Rf4+ 43. Ke5 Rf5+ 44. Kd6 Kd8 0-1